| 000 | 00509nam a2200169Ia 4500 | ||
|---|---|---|---|
| 008 | 190805s9999||||xx |||||||||||||| ||und|| | ||
| 020 |
_a9789339219666 _cRs. 399.00 |
||
| 082 | 0 | 4 |
_a005.133 _bB181 |
| 100 | 1 | _aBalagurusamy, E. | |
| 245 | 1 | 0 |
_aProgramming in ANSI C / _cE. Balagurusamy |
| 250 | _a7th ed. | ||
| 260 |
_aNew Delhi : _bMcGraw Hill Education India, _c2017 |
||
| 300 |
_axiv, 563 p. _b : _c; 23 cm. |
||
| 650 | 0 |
_aC (Computer program language) _vTextbooks |
|
| 942 | _cBK | ||
| 999 |
_c224 _d224 |
||